Wallows Song Quiz - Statistics

General Stats
  • This quiz has been taken 447 times
  • The average score is 18 of 25
Answer Stats
Answer % Correct
Are You Bored Yet?
94%
Scrawny
90%
Pleaser
84%
Remember When
84%
1980's Horror Film
83%
Pictures of Girls
79%
These Days
78%
Do Not Wait
77%
Only Friend
77%
I'm Full
75%
Ground
74%
Ice Cold Pool
74%
Treacherous Doctor
73%
Sidelines
72%
Let The Sun In
69%
Sun Tan
69%
Uncomfortable
68%
Worlds Apart
67%
It's Only Right
66%
Pulling Leaves Off Trees
65%
What You Like
64%
Just Like a Movie
60%
Trust Fall
57%
1980's Horror Film II
45%
Underneath the Street Lights in the Winter Outside Your House
27%
No matching quizzes found
Score Distribution
Percent of People with Each Score
Percentile by Number Answered
Your Score History
You have not taken this quiz